| 000 | 02476cam a22005534a 4500 | ||
|---|---|---|---|
| 001 | 14676481 | ||
| 003 | OSt | ||
| 005 | 20210923103740.0 | ||
| 008 | 061220s2007 gw a b 001 0 eng c | ||
| 010 | _a 2006940685 | ||
| 015 |
_a05,N47,0602 _2dnb |
||
| 016 | 7 |
_a97689291X _2DE-101 |
|
| 020 | _a9783540302773 (acidfree paper) | ||
| 028 | 5 | 2 | _a10908259 |
| 035 | _a(OCoLC)ocm85842084 | ||
| 038 | _akhadija | ||
| 040 |
_aOHX _beng _cOHX _dBTCTA _dBAKER _dUAT _dYDXCP _dMUQ _dAU@ _dIQU _dDEBBG _dOCLCQ _dOCL _dDLC |
||
| 042 | _apcc | ||
| 050 | 0 | 0 |
_aQC454.A8 _bV47 2007 |
| 072 | 7 |
_aQC _2lcco |
|
| 072 | 7 |
_aQD _2lcco |
|
| 082 |
_a540.5540 _bVER |
||
| 084 |
_a530 _2sdnb |
||
| 084 |
_aUM 2200 _2rvk |
||
| 100 | 1 |
_aVerma, H. R. _982624 |
|
| 245 | 1 | 0 |
_aAtomic and nuclear analytical methods : _bXRF, Mössbauer, XPS, NAA and ion-beam spectroscopic techniques / _cH.R. Verma. |
| 246 | 3 | 0 | _aXRF, Mössbauer, XPS, NAA and ion-beam spectroscopic techniques |
| 260 |
_aBerlin ; _aNew York : _bSpringer, _cc2007. |
||
| 300 |
_axiv, 375 p. : _bill. ; _c24 cm. |
||
| 504 | _aIncludes bibliographical references (p. [341]-364) and index. | ||
| 505 | 0 | _aX-ray fluorescence (XRF) and particle-induced X-ray emission (PIXE) -- Rutherford backscattering spectroscopy -- Elastic recoil detection -- Mössbauer spectroscopy (MS) -- X-ray photoelectron spectroscopy -- Neutron activation analysis -- Nuclear reaction analysis and particle-induced gamma-ray emission -- Accelerator mass spectroscopy (AMS) -- Appendixes. | |
| 563 | _ahardcover | ||
| 650 | 0 |
_aAtomic spectroscopy. _9837 |
|
| 650 | 0 |
_aNuclear spectroscopy. _982625 |
|
| 650 | 0 |
_aSpectrum analysis. _91251 |
|
| 650 | 0 |
_aParticles (Nuclear physics) _910754 |
|
| 650 | 6 |
_aSpectroscopie. _982626 |
|
| 650 | 6 |
_aParticules (Physique nucléaire) _982627 |
|
| 650 | 0 | 7 |
_aBeschleuniger-Massenspektrometrie. _2swd _982628 |
| 650 | 0 | 7 |
_aIonenstrahlanalyse. _2swd _982629 |
| 650 | 0 | 7 |
_aMössbauer-Spektroskopie. _2swd _982630 |
| 650 | 0 | 7 |
_aNeutronenaktivierungsanalyse. _2swd _982631 |
| 650 | 0 | 7 |
_aRöntgen-Photoelektronenspektroskopie. _2swd _982632 |
| 650 | 0 | 7 |
_aRöntgenspektroskopie. _2swd _982633 |
| 856 | 4 | 1 |
_3Table of contents _uhttp://bvbr.bib-bvb.de:8991/F?func=service&doc_library=BVB01&doc_number=015749826&line_number=0001&func_code=DB_RECORDS&service_type=MEDIA |
| 906 |
_a7 _bcbc _cpccadap _d2 _encip _f20 _gy-gencatlg |
||
| 942 |
_2ddc _cBK |
||
| 999 |
_c32915 _d32915 |
||